Advinhe os países da América que estão sendo desenhados - Statistics

Estatísticas Gerais
  • Esse quiz foi jogado 71 vezes
  • A pontuação média é 4 de 16
Respostas no mapa
Respostas codificadas por cores de uma escala verde-vermelha no mapa do quiz de acordo com a % correta abaixo.
 
Estatísticas das Respostas
% Correto
Chile
50%
Paraguai
46%
Colombia
38%
Guiana
38%
Peru
38%
Bolivia
36%
Brasil
36%
Guatemala
36%
Belize
35%
Mexico
35%
Bahamas
33%
Haiti
33%
Trinidad e Tobago
33%
Nicaragua
32%
Canada
29%
Cuba
29%
São Vicente e Granadinas
29%
Uruguai
27%
Argentina
26%
Panama
26%
El Salvador
25%
Venezuela
25%
Costa Rica
24%
Republica Dominicana
24%
Dominica
22%
Suriname
21%
Santa Lucia
20%
Honduras
19%
São Cristóvão e Nevis
19%
Estados Unidos
18%
Jamaica
18%
Equador
14%
Granada
10%
Barbados
7%
Antigua and Barbuda
0%
Nenhum quiz correspondente encontrado
Distribuição das Pontuações
Porcentagem de Pessoas com Cada Pontuação
Percentil de Números Respondidos
Sua Pontuação Histórica
Você não jogou esse quiz